A practical approach to web application development

Bibliographic Details
Other Authors: Anusuriya Devaraju
Format: Book
Language:English
Published: Batu Caves, Selangor : Venton pub. , 2007
Subjects:

MARC

LEADER 00000cam a2200000 7i4500
001 0000023430
005 20110920.0
008 110912s my a eng
020 |a 9789833526918 
040 |a INS 
090 0 0 |a TK5105.888   |b P73 2007 
245 0 2 |a A practical approach to web application development   |c Anusuriya Devaraju...[et al.] 
260 |a Batu Caves, Selangor :   |b Venton pub. ,   |c 2007 
300 |a iv, 139p. :   |b ill. ;   |c 25cm. 
650 0 |a Web site development 
650 0 |a Web site   |x Design 
700 0 |a Anusuriya Devaraju 
999 |a 1000000083   |b BOOK   |c Open Shelf   |e Default branch